Central Library OPAC University of Rajshahi

Taboo. (Record no. 31977)

MARC details
000 -LEADER
fixed length control field 00779cam a22002771 4500
001 - CONTROL NUMBER
control field 31977
003 - CONTROL NUMBER IDENTIFIER
rucl marc code BD-RjUL
005 - DATE AND TIME OF LATEST TRANSACTION
control field 20211209051756.0
008 - FIXED-LENGTH DATA ELEMENTS--GENERAL INFORMATION
fixed length control field 140423s1956 enk b 001 0 eng
035 ## - SYSTEM CONTROL NUMBER
System control number (BD-RjUL)32066
040 ## - CATALOGING SOURCE
Original cataloging agency DLC
Transcribing agency DLC
Modifying agency DLC
-- BD-RjUL
Language of cataloging eng
041 ## - LANGUAGE CODE
Language code of text/sound track or separate title eng
082 00 - DEWEY DECIMAL CLASSIFICATION NUMBER
Classification number 301.152
Author mark and year STT 1956
100 1# - MAIN ENTRY--PERSONAL NAME
Personal name Steiner, Franz Baermann.
Dates associated with a name 1909-1952.
9 (RLIN) 97354
245 00 - TITLE STATEMENT
Title Taboo.
Statement of responsibility, etc. With a pref. by E. E. Evans-Pritchard.
260 ## - PUBLICATION, DISTRIBUTION, ETC. (IMPRINT)
Place of publication, distribution, etc. London :
Name of publisher, distributor, etc. Cohen & west,
Date of publication, distribution, etc. 1956.
300 ## - PHYSICAL DESCRIPTION
Pagination 154 p. ;
Size 18 cm.
490 0# - SERIES STATEMENT
Series statement Pelican anthropology library
Series statement Pelican books, A912.
504 ## - BIBLIOGRAPHY, ETC. NOTE
Bibliography, etc Bibliography: p. [149]-152.
Bibliography, etc Includes Index.
650 #0 - SUBJECT ADDED ENTRY--TOPICAL TERM
Topical term or geographic name as entry element Taboo.
9 (RLIN) 20227
942 ## - ADDED ENTRY ELEMENTS (KOHA)
Source of classification or shelving scheme Dewey Decimal Classification
Koha item type Books
Holdings
Lost status Source of classification or shelving scheme Damaged status Not for loan Collection code Permanent Location Current Location Shelving location Date acquired Source of acquisition Cost, normal purchase price Total Checkouts Full call number Date last seen Copy number Koha item type
  Dewey Decimal Classification     Non-fiction Central Library, University of Rajshahi Central Library, University of Rajshahi   07/06/1969 Zeitlinger 18.00   301.152 STT 1956 23/04/2014 C-2 Books